| 000 | 00661nam a22001937a 4500 | ||
|---|---|---|---|
| 005 | 20240917103728.0 | ||
| 010 | _aENG-140980 | ||
| 020 |
_c165.00 _a9789354092589 |
||
| 035 | _aEN-124512 | ||
| 037 | _bDBAD | ||
| 082 | _a485 | ||
| 100 |
_aVerma, Brajlal _971712 |
||
| 245 |
_aBuilders of Modern India: _bHanuman Prasad Poddar/ _cBy Brajlal Verma |
||
| 250 | _a1 | ||
| 260 |
_aNew Delhi _c2022 _bPublication Division |
||
| 270 |
_bNew Delhi _aPublication Division, Ministry of Information and Broadcasting, Government of India, Soochna Bhawan, CGO Complex, Lodhi Road _e110003 |
||
| 300 |
_a146p. _c21cm(pbk) |
||
| 942 |
_2ddc _cEN _h921 _mVER |
||
| 999 |
_c204458 _d204458 |
||